| 000 | 00512nam a2200193Ia 4500 | ||
|---|---|---|---|
| 005 | 20240823031327.0 | ||
| 008 | 240823s9999||||xx |||||||||||||| ||und|| | ||
| 020 | _a978-81-908165-8-8 | ||
| 041 | _aENGLISH | ||
| 082 | _A005.133 P9 | ||
| 100 | _aSwaminathan A K | ||
| 245 | 0 | _aFundamentals of Computing and Programming | |
| 250 | _a1st | ||
| 260 |
_c2009 _b"Sams Publishers,Ch" _aChennai |
||
| 500 | _aTRANSFERED | ||
| 650 |
_aComputing and Programming _bComputer Science |
||
| 942 | _cBK | ||
| 999 |
_c190806 _d190806 |
||